000 00872nam a22002297a 4500
003 OSt
005 20230126164653.0
008 220916b |||||||| |||| 00| 0 eng d
020 _a978 84 7506 760 5
040 _cBiblioteca Lado V
082 _a708
_bP226d
100 _9662
_aPardo, Tania
_ecoordinadora
245 _aDaniel Verbis/
_bMisojosentusojosderramandose/
260 _aMadrid
_bMuseo de Arte Contemporaneo de Castilla y Leon
_c2006
300 _a229p.
_c25x29cm
505 _tFotografĂ­a y Realidad
_tLa IconografĂ­a del presente
_tUn posible grado cero
_tEl mundo maqueta
650 _2Tesauro de Arte & Arquitectura
_aCATALOGO
650 _2Tesauro de Arte & Arquitectura
_aEXHIBICION
650 _2Tesauro de Arte & Arquitectura
_aARTE
650 _2Tesauro de Arte & Arquitectura
_aDANIEL VERBIS
942 _2ddc
_c1
_h708
_iP226d
_n0
999 _c2942
_d2942